Environmental engineering (Record no. 5357)

000 -LEADER
fixed length control field 00678nam a2200241 4500
001 - CONTROL NUMBER
control field 5357
003 - CONTROL NUMBER IDENTIFIER
control field BD-DhUET
008 - FIXED-LENGTH DATA ELEMENTS--GENERAL INFORMATION
fixed length control field 141126b xxu||||| |||| 00| 0 eng d
020 ## - INTERNATIONAL STANDARD BOOK NUMBER
International Standard Book Number 0071002316
040 ## - CATALOGING SOURCE
Transcribing agency 0
Modifying agency BD-DhUET
082 ## - DEWEY DECIMAL CLASSIFICATION NUMBER
Classification number 628
Item number PEA/1985
100 ## - MAIN ENTRY--PERSONAL NAME
Personal name Peavy, Howard S
245 ## - TITLE STATEMENT
Title Environmental engineering
250 ## - EDITION STATEMENT
Edition statement 1st ed.
260 ## - PUBLICATION, DISTRIBUTION, ETC. (IMPRINT)
Place of publication, distribution, etc. New york
Name of publisher, distributor, etc. McGraw-Hill
Date of publication, distribution, etc. 1985
300 ## - PHYSICAL DESCRIPTION
Extent xiv,699 p.+various paging
Other physical details ill.
490 ## - SERIES STATEMENT
Series statement McGraw-Hill series in water resources and environmental engineering
504 ## - BIBLIOGRAPHY, ETC. NOTE
Bibliography, etc Includes bibliographies
650 #0 - SUBJECT ADDED ENTRY--TOPICAL TERM
Topical term or geographic name as entry element Environmental engineering
700 ## - ADDED ENTRY--PERSONAL NAME
Personal name Rowe, Donald R.
700 ## - ADDED ENTRY--PERSONAL NAME
Personal name Tchobanoglous, George
942 ## - ADDED ENTRY ELEMENTS (KOHA)
Koha item type General Book
Holdings
Lost status Koha item type Koha date last seen Koha date last borrowed Shelving location Koha renewals Sublocation or collection (holding branch) Koha normalized classification for sorting Location (home branch) Piece designation (barcode) Source of classification or shelving scheme Date acquired Damaged status Price effective from Withdrawn status Not for loan Koha full call number Copy number Koha issues (times borrowed)
 General Book2024-09-082023-12-10Circulation section Central Library, BUET628PEA1985Central Library, BUET81896 2014-11-26 2014-11-26  628/PEA/198519
 General Book2024-06-022024-03-16Circulation section Central Library, BUET628PEA1985Central Library, BUET81895 2014-11-26 2014-11-26  628/PEA/1985210
 Reading Item2015-06-18 Reading section Central Library, BUET628_000000000000000_PEA_1985Central Library, BUET88788 2015-06-18 2015-06-18  628/PEA/19853 
 Reading Item2015-06-18 Reading section Central Library, BUET628_000000000000000_PEA_1985Central Library, BUET87579 2015-06-18 2015-06-18  628/PEA/19854 
 General Book2021-11-132020-03-16Circulation section Central Library, BUET628_000000000000000_PEA_1985Central Library, BUET81894 1991-10-28 2017-10-31  628/PEA/198552
 Rental Item2024-12-01 Rental section Central Library, BUET628_000000000000000_PEA_1985Central Library, BUET81847 1991-10-28 2024-12-01  628 PEA/1985ক-৫১ 
 Rental Item2024-12-01 Rental section Central Library, BUET628_000000000000000_PEA_1985Central Library, BUET81874 1991-10-28 2024-12-01  628 PEA/1985ক-৭৮ 
 Rental Item2024-12-01 Rental section Central Library, BUET628_000000000000000_PEA_1985Central Library, BUET81875 1991-10-28 2024-12-01  628 PEA/1985ক-৭৯ 
 Rental Item2024-12-01 Rental section Central Library, BUET628_000000000000000_PEA_1985Central Library, BUET81876 1991-10-28 2024-12-01  628 PEA/1985ক-৮০ 
 Rental Item2024-12-01 Rental section Central Library, BUET628_000000000000000_PEA_1985Central Library, BUET81877 1991-10-28 2024-12-01  628 PEA/1985ক-৮১ 
 Rental Item2024-12-01 Rental section Central Library, BUET628_000000000000000_PEA_1985Central Library, BUET81878 1991-10-28 2024-12-01  628 PEA/1985ক-৮২ 
 Rental Item2024-12-01 Rental section Central Library, BUET628_000000000000000_PEA_1985Central Library, BUET81879 1991-10-28 2024-12-01  628 PEA/1985ক-৮৩ 
 Rental Item2024-12-01 Rental section Central Library, BUET628_000000000000000_PEA_1985Central Library, BUET81880 1991-10-28 2024-12-01  628 PEA/1985ক-৮৪ 
 Rental Item2024-12-01 Rental section Central Library, BUET628_000000000000000_PEA_1985Central Library, BUET81881 1991-10-28 2024-12-01  628 PEA/1985ক-৮৫ 
 Rental Item2024-12-01 Rental section Central Library, BUET628_000000000000000_PEA_1985Central Library, BUET81882 1991-10-28 2024-12-01  628 PEA/1985ক-৮৬ 
 Rental Item2024-12-01 Rental section Central Library, BUET628_000000000000000_PEA_1985Central Library, BUET81883 1991-10-28 2024-12-01  628 PEA/1985ক-৮৭ 
 Rental Item2024-12-01 Rental section Central Library, BUET628_000000000000000_PEA_1985Central Library, BUET81884 1991-10-28 2024-12-01  628 PEA/1985ক-৮৭